| 000 | 01196cam a22003857a 4500 | ||
|---|---|---|---|
| 003 | CHAP | ||
| 005 | 20220329142315.0 | ||
| 008 | 000605d1999 mx r 00110 spa d | ||
| 010 | _a81388 | ||
| 011 | _a82360 | ||
| 020 | _a9688845418 | ||
| 035 | _a92852 | ||
| 040 | _cCHAP | ||
| 090 | _aFolleto 15977 | ||
| 100 | 0 | 0 |
_aAragon Villatoro, Jose Luis. _96453 |
| 245 | 1 | 0 |
_aCalor y termodinámica _c/por José Luis Aragón Villatoro |
| 260 |
_aChapingo, Méx. : _bUACH, _c1999. |
||
| 300 | _a107 p. | ||
| 490 | 0 | _aFísica | |
| 500 | _aEn bodega c.5 | ||
| 590 |
_aBATCH-UPD _b10 _c20130110 _lUCH01 _h0358 |
||
| 590 |
_aBATCH-UPD _b10 _c20130410 _lUCH01 _h0031 |
||
| 590 |
_aBATCH-UPD _b10 _c20130914 _lUCH01 _h0819 |
||
| 590 |
_aCONVERSION _b10 _c20130109 _lUCH01 _h1345 |
||
| 650 | 1 | 4 |
_aCalor. _917570 |
| 650 | 1 | 4 |
_aFísica. _941975 |
| 830 | 0 |
_aFísica _941976 |
|
| 901 | _aBK | ||
| 905 | _aLilia Sánchez G. | ||
| 942 | _cFOLL | ||
| 949 |
_aFolleto 15977 _bBC _cFOLL _d928521 _eTS1 _i92852 _sb |
||
| 949 |
_aFolleto 15977 _bBC _cFOLL _d928522 _eTS2 _fc.2 _i92852 _si |
||
| 949 |
_aFolleto 15977 _bBC _cFOLL _d928523 _eTS2 _fc.3 _i92852 _si |
||
| 949 |
_aFolleto 15977 _bBC _cUACH _d928525 _eUACH _fc.4 _i92852 _si |
||
| 999 |
_c81388 _d81388 |
||